So who was John Wornham Penfold...? (Record no. 121986)

MARC details
000 -LEADER
fixed length control field 00713nab a22001697a 4500
007 - PHYSICAL DESCRIPTION FIXED FIELD--GENERAL INFORMATION
fixed length control field ta
008 - FIXED-LENGTH DATA ELEMENTS--GENERAL INFORMATION
fixed length control field 240828t20240828xxk||||| |||| 00| 0 eng d
022 ## - ISSN
ISSN 2048-0547
041 ## - LANGUAGE CODE
Language code of text/sound track or separate title eng
100 ## - MAIN ENTRY--PERSONAL NAME
Personal author Winter, Simon Vaughn
245 ## - TITLE STATEMENT
Title So who was John Wornham Penfold...?
260 ## - PUBLICATION INFORMATION
Publisher Letter Box Study Group Newsletter,
Date Autumn 2024
490 ## - SERIES TITLE
Volume 194, pp28-32
520 ## - ABSTRACT
Abstract A look at the life of J W Penfold, one time founder member of the RICS and President, also famous for a number of other achievements including a design for a pillar/post box. Well illustrated articles covering his time in Haselmere as well as his work on properties around Cripplegate.
650 ## - KEYWORDS
Keywords BIOGRAPHY
651 ## - SUBJECT ADDED ENTRY--GEOGRAPHIC NAME
Geographic name United Kingdom
Holdings
Withdrawn status Lost status Damaged status Not for loan Home library Current library Shelving location Date acquired Total Checkouts Date last seen Price effective from Koha item type Public note
        London London Journal article 28/08/2024   28/08/2024 28/08/2024 Journal article A copy of the article is located next to the portrait of Penfold in the library at RICS HQ